000
00288nam a22001097a 4500
008
160523b xxu||||| |||| 00| 0 eng d
020
_a
0897873378
041
_a
eng
080
_a
316.77
245
_a
Understanding family communication:
_c
Janet Yerby; NancyBuerkel-Rothfus;
942
_2
udc
_c
BK
999
_c
2385
_d
2385